مكتبة جامعة عجلون الوطنية

فهرس بحث المكتبة

Normal view MARC view
  • تأليف ابن الاثير،عز الدين ابي الحسن علي بن ابي الكرم محمد بن محمد ابن عبدالكريم بن عبدالواحد الشيباني؛ تحقيق خليل مامون شيحا

Entry Personal Name

Number of records used in: 1

001 - CONTROL NUMBER

  • control field: 60470

003 - CONTROL NUMBER IDENTIFIER

  • control field: JO-AjAnu

005 - DATE AND TIME OF LATEST TRANSACTION

  • control field: 20230606083902.0

008 - FIXED-LENGTH DATA ELEMENTS

  • fixed length control field: 230606|| aca||aabn | a|a d

040 ## - CATALOGING SOURCE

  • Original cataloging agency: JO-AjAnu
  • Transcribing agency: JO-AjAnu

100 ## - HEADING--PERSONAL NAME

  • Personal name: تأليف ابن الاثير،عز الدين ابي الحسن علي بن ابي الكرم محمد بن محمد ابن عبدالكريم بن عبدالواحد الشيباني؛ تحقيق خليل مامون شيحا

670 ## - SOURCE DATA FOUND

  • Source citation: Work cat.: (JO-AjAnu)30837: تأليف ابن الاثير،عز الدين ابي الحسن علي بن ابي الكرم محمد بن محمد ابن عبدالكريم بن عبدالواحد الشيباني؛ تحقيق خليل مامون شيحا, author, الكامل في التاريخ: (351-422)هجرية،ج7